000 01614nam a2200277 a 4500
001 000043765
005 20201002044946.0
008 140423s2013 dr ac r 001 0 spa d
020 _a9781477415474
040 _aDO-SdBNP
_bspa
_cBNPHU
082 _a341.42729307294
_bF316p
100 1 _aFéliz-Sánchez, Danilo A.
_936228
245 1 3 _aEl protocolo de la miel y la frontera dominico-haitiana :
_bnotas para la historia de la frontera /
_cDanilo A. Féliz Sánchez, Arturo Félix Camilo.
260 _a[Santo Domingo :
_bs.n],
_c2013.
300 _a378 p. :
_bil., retrs. ;
_c24 cm.
505 0 _tLa isla en tiempos de Ovando --
_tOrígenes de la República de Haití --
_tNotas al origen de las Naciones de la Hispaniola --
_tDistorsiones respecto a la historia dominico-haitiana --
_tEl protocolo de la Miel. Antecedentes --
_tEl trazado fronterizo de San Miguel de la Atalaya --
_tEl protocolo de la Miel. Origen y naturaleza --
_tEl protocolo de la Miel. Controversias, conflictos y consideraciones jurídicas --
_tEl territorio. Teorías jurídicas sobre la posesión legítima del territorio de la Hispaniola --
_tLa convivencia final y el futuro en el siglo XXI.
590 _aInventariado, 2018/BT
651 4 _aRepública Dominicana
_vLÍMITES
_xHistoria
_99547
651 4 _aHaití
_vLÍMITES
_xHistoria
_99548
651 4 _aRepública Dominicana
_xIncidentes Fronterizos
_98407
650 4 _aHaití
_xIncidentes fronterizos
_99549
651 4 _aRepública Dominicana
_xHistoria
_9170
651 4 _aHaití
_xHistoria
_98418
700 1 2 _aFéliz-Camilo, Arturo
_971600
910 _aValidado. Control de calidad. EMS
999 _c43254
_d43254